| 000 | 00383nam a2200157Ia 4500 | ||
|---|---|---|---|
| 008 | 230917s9999||||xx |||||||||||||| ||und|| | ||
| 020 | _cRS400 | ||
| 040 |
_e33863 _aMAIN |
||
| 041 | _aEnglish | ||
| 082 | _a820.9 R661A:R | ||
| 100 | _aAston, N M, ed. | ||
| 245 | 0 | _aRomanticism: A reconsideration | |
| 260 |
_aNew Delhi _bPrestige Books _c1999 |
||
| 300 | _a157 p. | ||
| 942 | _cBK | ||
| 999 |
_c108613 _d108613 |
||